Earth's Cycles - Statistics

General Stats
  • This quiz has been taken 13 times
  • The average score is 10 of 15
Answer Stats
Question Answer % Correct
What gas does decay release? CO2
83%
What's the formula for water? H2O
83%
What's another name for the water cycle? Hydrologic Cycle
83%
What's the most abundant gas on earth? Nitrogen
83%
Which Cycle is the only one that does not have a gas phase at some point? Phosphorus Cycle
83%
Rain, sleet, snow, and hail are examples of... Precipitation
83%
What is the only organism that can use Nitrogen and "fix" it? Bacteria
67%
How do animals get Nitrogen into their bodies? Both
67%
What effects do fossil fuels have on the cycles of the planet, especially the Carbon Cycle? It releases carbon dioxide into the atmosphere
67%
What is a biogeochemical cycle? The movement of chemicals that are necessary for life through an ecosystem
67%
A plant sweating is like... Transpiration
67%
What is evaporation? Water going up into the atmosphere; liquid to gas
67%
An example of condensation is... Clouds
50%
What cycle moves from O2 -> Cellular Respiration -> CO2 -> Photosynthesis Oxygen Cycle
50%
Which cycle is known as the "building block of life?" Carbon Cycle
17%
No matching quizzes found
Score Distribution
Percent of People with Each Score
Percentile by Number Answered
Your Score History
You have not taken this quiz